Planification par la méthode du chemin critique, exemples d'application à la construction
Guardado en:
| Autor Principal: | |
|---|---|
| Formato: | Libro |
| Idioma: | French |
| Publicado: |
Paris :
Dunod,
1967.
|
| Materias: | |
| Etiquetas: |
Agregar Etiqueta
Sin Etiquetas, Sea el primero en etiquetar este registro!
|
| LEADER | 00643cam a2200193ua 4500 | ||
|---|---|---|---|
| 001 | MAT.inmabb005700 | ||
| 008 | 840402s1967####fr#a##########000#0#fre## | ||
| 005 | 20170822164813.0 | ||
| 245 | 1 | 0 | |a Planification par la méthode du chemin critique, exemples d'application à la construction |
| 260 | |a Paris : |b Dunod, |c 1967. | ||
| 300 | |a x, 86 p. : |b table. ; |c 24 cm. | ||
| 510 | 4 | |a MR, |c *REVIEW #* | |
| 100 | 1 | |a Ceretti, Jean. [from old catalog] | |
| 650 | 0 | |a Critical path analysis. | |
| 650 | 0 | |a Construction industry |x Management. | |
| 084 | |a 90-XX |2 msc2000 | ||
| 010 | |a 70407854 | ||
| 040 | |a DLC |c CarP |d DLC | ||
| 859 | |h 90 |i C414 |p A-2461 |b BIB. MATEMATICA | ||
